Statistics for Oldest Monarchies in the World

Click here to take the quiz!

General Stats

  • This quiz has been taken 125 times
  • The average score is 11 of 15

Answer Stats

Year EstablishedPresent-Day Country% Correct
800 CEUnited Kingdom
97%
970 CESweden
89%
600 BCEJapan
88%
1479 CESpain
86%
935 CEDenmark
85%
862 CENorway
85%
1238 CEThailand
76%
922 CELuxembourg
73%
1604 CEMonaco
68%
1278 CEAndorra
67%
1627 CELiechtenstein
66%
1363 CEBrunei
65%
1650 CEBhutan
57%
751 CEOman
56%
69 CECambodia
48%

Score Distribution

Percentile by Number Answered

Percent of People with Each Score

Your Score History

You have not taken this quiz